• 首页
  • 本馆介绍
  • 公告通知
  • 最新文献
  • 馆藏检索
  • 电子资源
  • 读者导购
  • 参考咨询
  • 我的图书馆
  • 登录
  • 详细信息显示
  • 放入我的书架
  • 预约/预借图书
  • 作者相关作品
  • 分类相关作品
  • 丛书相关作品
  • 出版社相关作品

书目信息

  • 表格格式
  • 工作单格式
  • 卡片格式
题名:
心理学与九型人格
    
 
作者: ;心灵花园 著
分册:  
出版信息: 北京   台海出版社  2016
页数: 246页
开本: 24cm
丛书名:
单 册:
中图分类: B848-49
科图分类:
主题词: 人格心理学--ren ge xin li xue--通俗读物
电子资源:
ISBN: 978-7-5168-1143-6
000 01085nam0 22002411 450
001 387717
005 20170502165525.0
010    @a978-7-5168-1143-6@dCNY39.80
100    @a20161109d2016 em y0chiy50 ea
101 0  @achi
102    @aCN@b110000
105    @ay z 000yy
106    @ar
200 1  @a心理学与九型人格@9xin li xue yu jiu xing ren ge@e了解自我、洞悉和影响他人的秘诀@e最新实用版@f心灵花园著
210    @a北京@c台海出版社@d2016
215    @a246页@d24cm
330    @a本书以浅显的语言和生动的案例为读者诠释了九型人格。全书共分十章,内容包括:读懂你自己的人格;解读内心只有最好的完美型人格;解读慈善家——奉献型人格;解读生活当中的“孺子牛”——实干型人格;解读梦幻的浪漫型人格;解读目光停留在他人身上的观察型人格;解读生性多疑的怀疑型人格;解读天性欢快的享乐型人格等。
517 1  @a了解自我、洞悉和影响他人的秘诀@9le jie zi wo dong xi he ying xiang ta ren de bi jue
606 0  @a人格心理学@9ren ge xin li xue@j通俗读物
690    @aB848-49@v5
711 02 @a心灵花园@9xin ling hua yuan@4著
801  0 @aCN@b百万庄@c20170308
905    @b1003558-63@dB848-49@e1670@f6
    
    心理学与九型人格:了解自我、洞悉和影响他人的秘诀:最新实用版/心灵花园著 .-北京:台海出版社,2016
    246页;24cm
    
    
    ISBN 978-7-5168-1143-6:CNY39.80
    本书以浅显的语言和生动的案例为读者诠释了九型人格。全书共分十章,内容包括:读懂你自己的人格;解读内心只有最好的完美型人格;解读慈善家——奉献型人格;解读生活当中的“孺子牛”——实干型人格;解读梦幻的浪漫型人格;解读目光停留在他人身上的观察型人格;解读生性多疑的怀疑型人格;解读天性欢快的享乐型人格等。
●
相关链接 在E读中查询图书 在五车中查询图书 在当当中查询图书 在豆瓣中查询图书


正题名:心理学与九型人格     索取号:B848-49/1670         预约/预借

序号 登录号 条形码 馆藏地/架位号 状态 备注
1 1003558   210035585   第一样本阅览室/ [索取号:B848-49/1670] 在馆    
2 1003559   210035594   教育系资料室/ [索取号:B848-49/1670] 在馆    
3 1003560   210035601   教育系资料室/ [索取号:B848-49/1670] 在馆    
4 1003561   210035610   教育系资料室/ [索取号:B848-49/1670] 在馆    
5 1003562   210035629   第一借阅区/ [索取号:B848-49/1670] 在馆    
6 1003563   210035638   第一借阅区/ [索取号:B848-49/1670] 在馆    
唐山师范学院图书馆 欢迎您!
大连网信软件有限公司© 版权所有